| 000 | 02030cam a22004935i 4500 | ||
|---|---|---|---|
| 001 | data | ||
| 005 | 20260322212111.0 | ||
| 008 | data | ||
| 035 | _a19759384 | ||
| 906 |
_a7 _bcbc _ccopycat _d3 _encip _f20 _gy-nonroman |
||
| 925 | 0 |
_aacquire _b1 shelf copy _xpolicy default |
|
| 010 | _a 2017414378 | ||
| 020 | _a9787511728340 | ||
| 020 | _a7511728340 | ||
| 035 | _a(OCoLC)956684410 | ||
| 040 |
_aHUA _beng _erda _cHUA _dDLC _dDLC |
||
| 041 | 1 |
_achi _hjpn _hjpn |
|
| 042 | _alccopycat | ||
| 050 | 0 | 0 |
_aHG173.6.C6 _bJ538 2015 |
| 066 | _c$1 | ||
| 245 | 0 | 0 |
_6880-01 _aJin rong shi chang yu jin rong ti zhi gai ge = _bFinance market and financial system reform / _cDing Kaijie zhu bian. |
| 880 | 0 | 0 |
_6245-01/$1 _a$1!]>!W&!<D'8J'T2!]>!W&'aZ'Wl!B>!_z(B = _bFinance market and financial system reform / _c$1!0"'^S'2A!09'Q[(B. |
| 246 | 3 | 1 | _aFinance market and financial system reform |
| 250 |
_6880-02 _aDi 1 ban. |
||
| 880 |
_6250-02/$1 _a$1!Os(B1$1!JH(B. |
||
| 264 | 1 |
_6880-03 _aBeijing : _bZhongguo bian yi chu ban she, _c2015. |
|
| 880 | 1 |
_6264-03/$1 _a$1!4I!0a(B : _b$1!04K7o'Q['YF!3K!JH!Na(B, _c2015. |
|
| 300 |
_a3, 18, 6, 379 pages : _billustrations ; _c24 cm. |
||
| 336 |
_atext _2rdacontent |
||
| 337 |
_aunmediated _2rdamedia |
||
| 338 |
_avolume _2rdacarrier |
||
| 490 | 1 |
_6880-04 _a"Jing ji she hui ti zhi bi jiao" chuang kan 30 zhou nian ji nian cong shu |
|
| 880 | 1 |
_6490-04/$1 _a$1i!T'Q<'I&!Na'CZ'aZ'Wl!FF'[=i!U'3x!3U(B30$1!5t!<e'Pp!>''5+'CU(B |
|
| 500 | _aSome articles translated from English or Japanese. | ||
| 504 | _aIncludes bibliographical references. | ||
| 650 | 0 | _aFinance. | |
| 650 | 7 |
_aFinance. _2fast _0(OCoLC)fst00924349 |
|
| 700 | 1 |
_6880-05 _aDing, Kaijie, _eeditor. |
|
| 880 | 1 |
_6700-05/$1 _a$1!0"'^S'2A(B, _eeditor. |
|
| 830 | 0 |
_6880-06 _a"Jing ji she hui ti zhi bi jiao" chuang kan 30 zhou nian ji nian cong shu. |
|
| 880 | 0 |
_6830-06/$1 _a$1i!T'Q<'I&!Na'CZ'aZ'Wl!FF'[=i!U'3x!3U(B30$1!5t!<e'Pp!>''5+'CU(B. |
|
| 923 | _sBZT | ||
| 999 |
_c1662 _d1662 |
||